| 000 | 01046cam a22003135i 4500 | ||
|---|---|---|---|
| 999 |
_c27134 _d27106 |
||
| 001 | 015385402 | ||
| 003 | Uk | ||
| 005 | 20190213111148.0 | ||
| 008 | 090730s2010 enk frb 001|e eng|d | ||
| 015 |
_aGBA996842 _2bnb |
||
| 016 | 7 |
_a015385402 _2Uk |
|
| 020 | _a9780754675457 (hbk.) | ||
| 020 | _a0754675459 (hbk.) | ||
| 040 |
_aStDuBDS _beng _cStDuBDS _dUk _dEG-ScBUE |
||
| 082 | 0 | 4 |
_a363.32517096 _222 _bSEC |
| 245 | 0 | 0 |
_aSecuring Africa : _bpost-9/11 discourses on terrorism / _cedited by Malinda S. Smith. |
| 264 | 1 |
_aSurrey, England ; _aBurlington, Vermont : _bAshgate Publishing Limited, _cc.2010. |
|
| 300 |
_axxiii, 247 pages ; _c24 cm. |
||
| 336 |
_atext _2rdacontent |
||
| 337 |
_aunmediated _2rdamedia |
||
| 338 |
_avolume _2rdacarrier |
||
| 500 | _aIncludes index. | ||
| 504 | _aBibliography : p. 223-242. | ||
| 650 | 7 |
_aTerrorism _zAfrica _xPrevention. _2BUEsh _941994 |
|
| 650 | 7 |
_aSecurity, International _zAfrica. _2BUEsh _941993 |
|
| 653 |
_bBUSBOL _cFebruary2019 |
||
| 700 | 1 |
_aSmith, Malinda _ecollector. |
|
| 942 |
_2ddc _cBB |
||